| 000 | 00690nam a2200181Ia 4500 | ||
|---|---|---|---|
| 005 | 20250508155423.0 | ||
| 008 | 008 250505s9999 xx 000 0 eng d | ||
| 037 | _aTextual | ||
| 040 |
_aFEDL _beng _cFEDL |
||
| 041 |
_aeng _2eng |
||
| 084 |
_a378.54, MOD _qFEDL |
||
| 100 |
_aMorgan Arthur E _9125461 |
||
| 245 | 0 | _aModern education society Poona: Annual reports of the Nowrosjee Wadia college, Poona the sir Cusrow Wadia institute of electircial technology, Poona the Ruparel college, the new law college, Bombay and the society's finance and academic councils 1955-56 | |
| 260 | _c1956 | ||
| 300 | _a34p. | ||
| 942 |
_cTEXL _h378.54, MOD |
||
| 999 |
_c1356702 _d1356702 |
||